Ethnonationalismus - eine ostmitteleuropäische Erfindung? Oskar-Halecki-Vorlesung 2002

Na minha lista:
Detalhes bibliográficos
Autor principal: Hroch, Miroslav
Autor Corporativo: Geisteswissenschaftliches Zentrum and der Universität Leipzig. Geschichte und Kultur Ostmitteleuropas
Formato: Livro
Idioma:alemão
Publicado em: Leipzig Leipziger Universitätsverlag 2004
Assuntos:
Tags: Adicionar Tag
Sem tags, seja o primeiro a adicionar uma tag!

MARC

LEADER 00000nam$a2200000$$$4500
001 0034643
005 20221221130848.6
020 |a 3-86583-031-5 
041 0 |a ger 
044 |a DE 
245 1 0 |a Ethnonationalismus - eine ostmitteleuropäische Erfindung?  |b Oskar-Halecki-Vorlesung 2002  |c Miroslav Hroch 
264 1 |a Leipzig  |b Leipziger Universitätsverlag  |c 2004 
300 |a 35 s. 
610 2 0 |a nacionalizmus 
610 2 0 |a SVE 
610 2 0 |a Európa 
610 2 0 |a identita 
100 1 |a Hroch, Miroslav 
710 2 |a Geisteswissenschaftliches Zentrum and der Universität Leipzig. Geschichte und Kultur Ostmitteleuropas